000 00332nam a2200133Ia 4500
005 20250603144904.0
008 250603s9999 xx 000 0 und d
050 _aHB 615 .I34/
100 _aIfegwu, E. C. ( et al)
245 0 _aEntrepreneurship development: a practical guide
260 _c2008
300 _a34 p
942 _cBK
999 _c40251
_d40251